| 000 | 00357 a2200157 4500 | ||
|---|---|---|---|
| 001 | 167143 | ||
| 020 | _a | ||
| 040 | _cMagnum | ||
| 100 | _aCoelho, Nelly Novaes | ||
| 240 | 1 | 0 |
_aLiteratura: arte, conhecimento e vida _lpor |
| 245 | 1 | 0 | _aLiteratura: arte, conhecimento e vida |
| 362 | 0 | _a1899 | |
| 440 | 1 | _aPeirópolis | |
| 697 | _aGERAL | ||
| 942 | _cBK | ||
| 999 |
_c167143 _d167143 |
||